00715cam a2200205 a 4500020003200000082001500032100002400047245003900071250001400110260003500124300003000159490005100189500002200240650001300262650001800275700002400293700002000317856010600337856006600443 a0072368691 (acidfree paper)00a512.13 BAR1 aBarnett, Raymond A.10aCollege algebra with trigonometry. a7th ed. / aBoston :bMcGraw-Hill,cc2001. a909pbill. (some col.) ;1 aBarnett, Ziegler & Byleen's precalculus series aIncludes indexes. 0aAlgebra. 0aTrigonometry.1 aZiegler, Michael R.1 aByleen, Karl E.41uhttps://marinazahara22.wordpress.com/wp-content/uploads/2013/10/college_algebra_with_trigonometry.pdf42uhttp://www.loc.gov/catdir/enhancements/fy0702/00035142-d.html